Comparison different rates of rice husk charcoal on melon crop in high tunnel net condition, ប្រៀបធៀបកម្រិតធ្យូងអង្កាមផ្សេងៗគ្នាលើដំណាំត្រសក់ផ្អែមក្នុងលក្ខខណ្ឌផ្ទះសំណាញ់ (Record no. 9049)

000 -LEADER
fixed length control field 00717nam a22001577a 4500
003 - CONTROL NUMBER IDENTIFIER
control field OSt
005 - DATE AND TIME OF LATEST TRANSACTION
control field 20160823145602.0
008 - FIXED-LENGTH DATA ELEMENTS--GENERAL INFORMATION
fixed length control field 160823b xxu||||| |||| 00| 0 eng d
040 ## - CATALOGING SOURCE
Transcribing agency RUA
082 ## - DEWEY DECIMAL CLASSIFICATION NUMBER
Classification number AGR TOU 2015 B513 Or.1
100 ## - MAIN ENTRY--PERSONAL NAME
9 (RLIN) 9398
Personal name TOUCH KIMLIENG, ទូច គឹមលាង
245 ## - TITLE STATEMENT
Title Comparison different rates of rice husk charcoal on melon crop in high tunnel net condition, ប្រៀបធៀបកម្រិតធ្យូងអង្កាមផ្សេងៗគ្នាលើដំណាំត្រសក់ផ្អែមក្នុងលក្ខខណ្ឌផ្ទះសំណាញ់
260 ## - PUBLICATION, DISTRIBUTION, ETC. (IMPRINT)
Place of publication, distribution, etc. Phnom Penh
Name of publisher, distributor, etc. RUA
Date of publication, distribution, etc. 2015
300 ## - PHYSICAL DESCRIPTION
Extent xii; 55p.
Other physical details ill.
Dimensions 29cm.
942 ## - ADDED ENTRY ELEMENTS (KOHA)
Source of classification or shelving scheme
Koha item type AGR
Holdings
Price effective from Date last seen Permanent Location Not for loan Date acquired Source of classification or shelving scheme Koha item type Lost status Withdrawn status Total Renewals Date last checked out Total Checkouts Shelving location Damaged status Barcode Current Location Full call number
2016-08-232016-08-23Library Block B 2016-08-23 AGR     B513 RUA062335Library Block BAGR TOU 2015 B513 Or.1
2016-08-232016-08-23Library Block B 2016-08-23 AGR     B513 RUA061710Library Block BAGR TOU 2015 B513 Or.2
2016-08-232026-01-19Library Block B 2016-08-23 AGR   2025-09-266B513 RUA062155Library Block BAGR TOU 2015 B513 Or.3
2016-08-232018-07-16Library Block B 2016-08-23 AGR  42018-05-284B513 RUA062735Library Block BAGR TOU 2015 B513 Or.4
2016-08-232016-09-26Library Block B 2016-08-23 AGR   2016-09-191B513 RUA062731Library Block BAGR TOU 2015 B513 Or.5
2016-08-232018-05-23Library Block B 2016-08-23 AGR   2018-05-112B513 RUA062675Library Block BAGR TOU 2015 B513 Or.6
2016-08-232019-10-16Library Block B 2016-08-23 AGR   2019-10-044B513 RUA061820Library Block BAGR TOU 2015 B513 Or.7
2016-08-232021-08-24Library Block B 2016-08-23 AGR   2021-08-103B513 RUA062367Library Block BAGR TOU 2015 B513 Or.8
2021-12-152024-08-21Library Block B 2021-12-15 AGR   2024-08-065B642 a09628Library Block BAGR TOU 2015 B642 Or.1
2021-12-152025-05-07Library Block B 2021-12-15 AGR   2025-04-2510B642 a10140Library Block BAGR TOU 2015 B642 Or.1
មជ្ឈមណ្ឌលឯការនៃសាកលវិទ្យាល័យភូមិន្ទកសិកម្មចំការដូង

Powered by Koha